| 000 | 00574nam a2200181Ia 4500 | ||
|---|---|---|---|
| 003 | OSt | ||
| 005 | 20200805100406.0 | ||
| 008 | 190216s9999||||xx |||||||||||||| ||und|| | ||
| 020 | _a8185336008 | ||
| 040 | _coclc | ||
| 082 |
_a511.80285 _bKRI/N |
||
| 100 |
_aKrishnamurthy, E V _93963 |
||
| 245 | 0 |
_aNumerical Algorithms : _bComputations In Science And Engneering / _c E V Krishnamurthy ; S K Sen |
|
| 260 |
_bEast-West Press, _c1986. _aNew Delhi: |
||
| 300 | _a629p | ||
| 650 | _aMathematics | ||
| 942 |
_cBK _2ddc _h511.80285 _iKRI/N _k511.80285 _mKRI/N |
||
| 999 |
_c31175 _d31175 |
||